00827nam a22001577a 4500008004100000020001500041050001400056100002100070245010400091260003300195300002500228500002000253505036900273650000900642700001800651140827b xxu||||| |||| 00| 0 eng d a0406918376 aK3240.T65 aTomlinson, Hugh. aInterpreting convention rights: essential human rights cases of the commonwealth. /cHugh Tomlinson aLondon:bButterworth,c2001. alviii, 577p.:c25cm. aIncludes index. aContents: The Rights to life -- The Right to be free of ill-treatment -- The Right to liberty -- Fair trial rights -- The Right to privacy -- The Right to marry, and to family life -- Freedom of conscience and religion -- Freedom of expression -- Freedom of assembly and association -- Freedom from discrimination -- The Right to property -- Remedies -- Appendices aLaw. aShukla, Vina.